Rhine River Countries - Map Quiz - Statistics

General Stats
  • This quiz has been taken 263 times
    139 since last reset
  • The average score is 6 of 6
Answers on the Map
Answers color-coded by a green-red scale on the quiz's map according to % correct below.
 
Answer Stats
Country % Correct
France
99%
Germany
99%
Netherlands
99%
Switzerland
97%
Austria
95%
Liechtenstein
92%
No matching quizzes found
Score Distribution
Percent of People with Each Score
Percentile by Number Answered
Your Score History
You have not taken this quiz since the last reset